000 00645cam a22002413a 4500
001 31355
003 PGUSA
005 20140828083658.0
008 100222s2010||||xxu|||||s|||||000 1 eng d
040 _aPGUSA
_beng
042 _adc
050 4 _aPS
100 1 _aWalton, Bryce,
_d1918-1988
245 1 0 _aTo Each His Star
_h[electronic resource] /
_cBryce Walton
260 _bProject Gutenberg,
_c2010
506 _aPublic domain in the USA.
516 _aElectronic text
653 _aShort stories
653 _aScience fiction
830 0 _aProject Gutenberg
_v31355
856 4 0 _uhttp://www.gutenberg.org/ebooks/31355
942 _cEB
999 _c260610
_d260610